| 000 -CABECERA |
| Longitud fija campo de control |
00541nam a22001817a 4500 |
| 003 - IDENTIFICADOR DEL NÚMERO DE CONTROL |
| Identificador del número de control |
OSt |
| 005 - FECHA Y HORA DE LA ÚLTIMA TRANSACCIÓN |
| Fecha y hora de la última transacción |
20130620103140.0 |
| 008 - CÓDIGOS DE INFORMACIÓN DE LONGITUD FIJA |
| Códigos de información de longitud fija |
130613s2010 sp ||||| |||| 00| 0 spa d |
| 020 ## - NÚMERO INTERNACIONAL NORMALIZADO PARA LIBROS |
| Número Internacional Normalizado para Libros (ISBN) |
9788498882032 |
| 040 ## - FUENTE DE LA CATALOGACIÓN |
| Centro transcriptor |
CDMR |
| 100 1# - PUNTO DE ACCESO PRINCIPAL-NOMBRE DE PERSONA |
| 9 (RLIN) |
860 |
| Nombre de persona |
Gallego Ayala, Juana |
| 245 10 - MENCIÓN DE TÍTULO |
| Título |
Eva devuelve la costilla |
| Resto del título |
: el nuevo estado de conciencia de las mujeres |
| Mención de responsabilidad, etc. |
Juana Gallego Ayala |
| 260 ## - PUBLICACIÓN, DISTRIBUCIÓN, ETC. (PIE DE IMPRENTA) |
| Lugar de publicación, distribución, etc. |
Barcelona |
| Nombre del editor, distribuidor, etc. |
Icaria |
| Fecha de publicación, distribución, etc. |
2010 |
| 300 ## - DESCRIPCIÓN FÍSICA |
| Extensión |
199 p. |
| 490 0# - MENCIÓN DE SERIE |
| Mención de serie |
Antrazyt. |
| -- |
Mujeres, Voces y Propuestas |
| Designación de volumen o secuencia |
319 |
| 650 04 - PUNTO DE ACCESO ADICIONAL DE MATERIA - TÉRMINO DE MATERIA |
| 9 (RLIN) |
3167 |
| Término de materia o nombre geográfico como elemento inicial |
Estudis de dones |
| 942 ## - ENTRADA DE ELEMENTOS AGREGADOS (KOHA) |
| Fuente de clasificaión o esquema |
|
| Koha [por defecto] tipo de item |
Monografies |